01017cam a22002531 4500001001300000003000400013005001700017008004100034010001700075035001900092040001900111042001200130050002100142100003700163245010000200260005400300300003800354490008000392500011300472650002000585650003600605830005100641830007100692s 48000006 DLC20260227111912.0790914s1945 onca 000 0 eng  as 48000006  a(OCoLC)5376497 aDLCcNcGUdDLC apremarc00aQH1b.C13 no. 991 aRand, Austin Loomer,d1905-1982.10aMammal investigations on the Canol road, Yukon and Northwest Territories, l944,cby A. L. Rand. aOttawa,bE. Cloutier, printer to the King,c1945. a52 p.billus. (incl. map)c25 cm.1 aCanada. National museum, Ottawa. Bulletinvno. 99.aBiological ser.vno. 28 aAt head of title: Canada. Dept. of mines and resources. Mines and geology branch. National museum of Canada. 0aMammalszYukon. 0aMammalszNorthwest Territories. 0aBulletin (National Museum of Canada),vno. 99. 0aBulletin (National Museum of Canada).pBiological series,vno. 28.